00466 a2200157 450000500170000001000140001702000250003103500130005603700090006908200060007810000280008424500540011226000790016627000410024530000220028620240528151408.0 aB-759221` a9789350692578c40.00 aB-759221 bGift aS aBalasubramanya, Aravind aStories and Inspirations/bAravind Balasubramanya aPrasanthi NilayambSri Sathya Sai Sadhana Trust Publication Divisionc2017 aPrasanthi Nilayam bBangloree515134 a102 p.c21 cm(Pb)